- Liderazgo
Entry Materia
Number of records used in: 253
001 - NÚMERO DE CONTROL DEL REGISTRO
- campo de control: 5345
003 - IDENTIFICADOR DE NUMERO DE CONTROL
- campo de control: MX-MxUPN
005 - FECHA Y HORA DE LA ÚLTIMA TRANSACCIÓN
- campo de control: 20230208124923.0
008 - DATOS DE LONGITUD FIJA
- campo de control de longitud fija: 230208n||acnnnbabn | ana |d
035 ## - NÚMERO DE CONTROL DEL SISTEMA
- Número de control del sistema: UPN10000005345
040 ## - FUENTE DE LA CATALOGACIÓN
- Centro catalogador de origen: MX-MxUPN
- Lengua de catalogación: spa
- Agencia de transcripción: MX-MxUPN
046 ## - FECHAS CON CODIFICACIÓN ESPECIAL
- Fecha final para contenidos agregados: 0123
053 #4 - NÚMERO CLASIFICADOR - BIBLIOTECA DEL CONGRESO (LC)
- Elemento numérico de la clasificación - Número único o no. inicial del rango: HD57.7
150 ## - ENCABEZAMIENTO - TEMÁTICO
- Término de materia o nombre geográfico como elemento inicial: Liderazgo
550 ## - VÉASE ADEMÁS - MATERIA
- Subcampo de control: h
- Encabezamiento temático o nombre geográfico como elemento de entrada: Liderazgo educativo
550 ## - VÉASE ADEMÁS - MATERIA
- Subcampo de control: h
- Encabezamiento temático o nombre geográfico como elemento de entrada: Liderazgo en la Biblia
550 ## - VÉASE ADEMÁS - MATERIA
- Subcampo de control: h
- Encabezamiento temático o nombre geográfico como elemento de entrada: Liderazgo en las mujeres
550 ## - VÉASE ADEMÁS - MATERIA
- Subcampo de control: h
- Encabezamiento temático o nombre geográfico como elemento de entrada: Liderazgo en los niños
550 ## - VÉASE ADEMÁS - MATERIA
- Subcampo de control: h
- Encabezamiento temático o nombre geográfico como elemento de entrada: Liderazgo político
670 ## - FUENTE EN LA QUE SE LOCALIZARON DATOS
- Cita de la fuente: DGB UNAM, 8 febrero 2023:
- Información localizada: (Liderazgo)
902 ## - CATALOGADOR
- Catalogador: MITM/150402
